Word Ladder: Love Is a Battlefield? Quiz Stats

 Plays Quiz Updated Oct 7, 2012

Support Sporcle.
Go Orange.
Score 0/28 Timer 03:00
0 Plays Today
Hint 4-Letter Word % Correct
Not lessMORE
92.9%
Veal or venison, e.g.MEAT
91.7%
♬ Highest quality ♬♬ BEST ♬
91.3%
Chimney dustSOOT
90.9%
Assigned location on a planeSEAT
90.7%
Watery castle protectionMOAT
90.4%
Boutique or martSHOP
89.9%
♬ Cold or hook follower ♬♬ SHOT ♬
89.4%
Chicken penCOOP
89.2%
Golfer's cryFORE
88.8%
Prepare firewoodCHOP
88.5%
Bat at an annoying insectSWAT
88.5%
Nuisance; annoyancePEST
88.4%
Not straightBENT
87.2%
Hint 4-Letter Word % Correct
Mail a letterPOST
85.4%
♬ Not home ♬♬ AWAY! ♬
84.8%
CenterCORE
83.3%
Ltd. or Inc. relativeCORP.
83.2%
Swing back and forth SWAY
82.8%
Sahl, Kunsler, or Zuckerman, e.g.MORT
81.9%
'___ Get Fooled Again' - The WhoWON'T
80.3%
DepartedWENT
79.2%
SulkPOUT
77.8%
DecantPOUR
77.5%
♬ Not my... ♬♬ YOUR ♬
76.8%
Hooray, slangilyWOOT
75.5%
♬ Conflagration ♬♬ FIRE ♬
67.5%
A boggy marshMIRE
64.7%

Today's Daily Dose

You're not logged in!

Compare scores with friends on all Sporcle quizzes.
OR
Log In

From the Vault

4x4 Grid Match: Television

by metakoopa99

There's a place somewhere for every family member.
Remove Ads.
Support Sporcle.
Get the best of Sporcle when you Go Orange. This ad-free experience offers more features, more stats, and more fun while also helping to support Sporcle. Thank you for becoming a member.

Show Comments

Extras

Top Quizzes Today


Score Distribution

Your Account Isn't Verified!

In order to create a playlist on Sporcle, you need to verify the email address you used during registration. Go to your Sporcle Settings to finish the process.

Report this User

Report this user for behavior that violates our Community Guidelines.

Details: